01471cam a2200253 a 450000100090000000300060000900500170001500800410003201000130007302000130008602500140009903500200011304000440013304300120017705000240018908200210021310000160023424500430025026000570029330000270035050400650037750507200044265100550116225372190OCoLC20190205143728.0911005s1991 ii b b 001 0 eng  a91902688 cRs250.00 aI-E-64967 a(OCoLC)25372190 aDLCcDLCdNLGGCdBTCTAdQMCdGEBAYdOBE aa-ii---00aDS485.K27bA43 199100a954.6220bA313K1 aAkbar, M. J10aKashmir, behind the vale /cM.J. Akbar aNew Delhi ;aNew York, N.Y., U.S.A. :bViking,c1991 a232 p. :bmap ;c22 cm aIncludes bibliographical references (p. [224]-225) and index0 a[Pt. 1]. The ripples of falling empires. The Rishi and the Raja -- Of human, and inhuman, bondage -- Crosscurrent affairs : a dream come true -- Bud Shah : days of flowers -- Delhi Durbar : the end of independence -- The end of independence -- The politics of stability -- Kabul and Lahore : a bitter century -- He who wishes to climb ... -- [pt. 2]. Love, politics and other tragedies. A tide, rising at his feet -- Eloquence and freedom -- Nehru, Abdullah, Jinnah : the triangle of hopes -- A basket of apples -- Do not disturb -- The will of the people, the wont of the powers -- [pt. 3]. Cold blood. Clause 7, Article 370 and a three-nation theory -- The puppets of Allah -- An answer to their prayers -- Thorns 0aJammu and Kashmir (India)xPolitics and government